000 00984nam a22002777a 4500
001 9078
003 FISKH
005 20251119084723.0
008 251119b cb ||||| |||| 00| 0 eng d
020 _a9780545065832
040 _aFISKH
_beng
_cFISKH
_dFISKH
050 _a LB1525.3 .L3
082 _a813
100 _aLee, Quinlan B.
245 _aMagic school bus makes flakes /
_cby Quinlan B. Lee
260 _aNew York :
_bScholastic,
_c2008.
300 _a16 unnumbered pages :
_bcolor illustrations ;
_c20 cm
490 _aPhonic reading program :
_vBook 6, long a,
505 _aE
520 _aThe Magic School Bus can transform into any shape to take Ms. Frizzle and her class on amazing field trips!. Climb aboard the Magic School Bus to learn about snowflakes and to read words with the long "a" sound.
521 8 _a270
_bLexile
521 8 _aE
_bRaz-Plus
650 _aMagic School Bus
_vNon-fiction
_xWeather
942 _2ddc
_cBK
_n0
999 _c9078
_d9078